000 00988nam a2200301 a 4500
001 81940
003 BD-RjUL
005 20230919110248.0
008 230919r20192009enk d 000 0 eng
020 _a9780199532940 (pbk.)
020 _a019953294X (pbk.)
035 _a(BD-RjUL)81940
040 _aUKM
_cUKM
_dBTCTA
_dBWKUK
_dBD-RjUL
_beng
041 _aeng
082 0 0 _222
_a703
_bOXF 2019
245 0 4 _aThe Oxford dictionary of art and artists /
_cIan Chilvers
246 3 0 _aDictionary of art and artists
250 _a4th ed. /
_b[edited by] Ian Chilvers.
260 _aOxford ;
_aNew York :
_bOxford University Press,
_c2009, [reprinted 2019]
300 _axxv, 694 p. ;
_c20 cm.
500 _aPrevious ed.: published as The Oxford dictionary of art. 2004.
650 0 _aArt
_vEncyclopedias.
_99046
650 0 _aArtists
_vEncyclopedias.
_99047
700 1 _aChilvers, Ian.
_99048
942 _2ddc
_cREF
999 _c81940
_d81940